01332nam a22003857a 4500001000400000003000900004005001700013007000400030008002900034020001500063040002200078092001500100100003100115240003600146245017700182250001200359260003600371300002800407490002600435490001200461500002500473500004800498521002900546700002800575700003600603700003900639830002300678830001200701910000800713942001200721945002800733952015000761956002000911999001500931031DO-SdBNP20180220133216.0031151005b 1991 sp 00| 0 spa d a8434827697 aBPMSUbspacBPMSU aXXXXbXXXX1 aChérisey, Thérésa de aProfessor Poopsnaglef1989leng10aEl profesor Poopsnagle /cThérésa de Chérisey ; ilustración Federico Delicado ; traducción José Luis Cano-Manuel ; dirección de la colección Marinella Terzi a3a. ed. aMadrid :bEdiciones SM, c1991. a227 p. :bil. ;c19 cm.1 aEl barco de vaporv621 aNaranja aA partir de 9 años aBasado en una idea original de Roger Mirams1 aA partir de los 9 años12aDelicado, Federicoeil.12aCano-Manuel, José Luisetrad.12aTerzi, Marinellaedir. colección 0aBarco de vaporn62 0aNaranja a202 2ddccBK aInventariado, 2018 / BT 00102ddc40708CI-GaBPMETbBPMETd2015-10-06eAgencia de Cooperación Internacional del Japónl0pBPMSU15100051r2015-10-06w2015-10-06yBK aYngrid Lockward c8334d8334